Odgadnij z jakiego albumu pochodzą piosenki Zeamsone - Statystyki

Ogólne statystyki
  • Ten quiz został rozwiązany 4 razy
  • Średni wynik to 10 z 14
Statystyki odpowiedzi
Piosenka Album % Poprawnych
Królowe +18
100%
Jedna noc 777
100%
Jungla MIYO
100%
4TB Trzy znaki zapytania
100%
Palm Angels Uniwersum
100%
Uniwersum Uniwersum
100%
Chcę cię kupić 734 Guitars
75%
GRO55NIGHT 777
75%
Benefit 734 BONUS EP
50%
Ganz Hundred Bands
50%
6s Popkiller Młode Wilki 6
50%
Teleport BARTIEVER
25%
Dyscyplina NARCOPOLO
25%
Droga To, co za mną chodzi
25%
Nie znaleziono quizów pasujących do podanych kryteriów
Rozkład punktacji
Procent ludzi z każdym wynikiem
Percentyl według liczby udzielonych odpowiedzi
Twoja historia wyników
Nie rozwiązałeś tego quizu